<?xml version="1.0" encoding="UTF-8"?>
<record
    xmlns:xsi="http://www.w3.org/2001/XMLSchema-instance"
    xsi:schemaLocation="http://www.loc.gov/MARC21/slim http://www.loc.gov/standards/marcxml/schema/MARC21slim.xsd"
    xmlns="http://www.loc.gov/MARC21/slim">

  <leader>01154nam a2200205 i 4500</leader>
  <controlfield tag="001">43309</controlfield>
  <controlfield tag="003">ES-MaACL</controlfield>
  <controlfield tag="005">20240111173642.0</controlfield>
  <controlfield tag="008">030317s1933    sp a         |||| | spa d</controlfield>
  <datafield tag="245" ind1="0" ind2="0">
    <subfield code="a">Primer centenario de la inaguraci&#xF3;n del edificio de la Facultad de Farmacia de la Universidad Central, construido y cedido al Estado por los farmac&#xE9;uticos espa&#xF1;oles </subfield>
    <subfield code="b">: actos conmemorativos del mismo : trabajos premiados en el Certamen Cient&#xED;fico Hispanoamericano y &#xC1;lbum de farmace&#xFA;ticos espa&#xF1;oles contempor&#xE1;neos : Madrid 24 de noviembre - 3 de diciembre 1930.</subfield>
  </datafield>
  <datafield tag="246" ind1="3" ind2="4">
    <subfield code="i">T&#xED;t. de cub</subfield>
    <subfield code="a">Libro de oro de la Academia Nacional de Farmacia, Primer Centenario de la Facultad, 1930</subfield>
  </datafield>
  <datafield tag="246" ind1="2" ind2=" ">
    <subfield code="i">T&#xED;t. de anteport.</subfield>
    <subfield code="a">Actos conmemorativos de la Facultad de Farmacia, MDCCCXXX</subfield>
  </datafield>
  <datafield tag="260" ind1=" " ind2=" ">
    <subfield code="a">Madrid : </subfield>
    <subfield code="b">[s.n.], </subfield>
    <subfield code="c">1933 (</subfield>
    <subfield code="f">Herrera)</subfield>
  </datafield>
  <datafield tag="300" ind1=" " ind2=" ">
    <subfield code="a">667 p. : </subfield>
    <subfield code="b">il. ; </subfield>
    <subfield code="c">28 cm.</subfield>
  </datafield>
  <datafield tag="610" ind1="2" ind2="4">
    <subfield code="a">Universidad Central (Madrid). </subfield>
    <subfield code="b">Facultad de Farmacia.</subfield>
    <subfield code="9">7091</subfield>
  </datafield>
  <datafield tag="710" ind1="2" ind2=" ">
    <subfield code="a">Academia Nacional de Farmacia (Espa&#xF1;a)</subfield>
    <subfield code="9">164430</subfield>
  </datafield>
  <datafield tag="740" ind1="0" ind2="2">
    <subfield code="a">&#xC1;lbum de farmace&#xFA;ticos espa&#xF1;oles contempor&#xE1;neos.</subfield>
  </datafield>
  <datafield tag="852" ind1=" " ind2=" ">
    <subfield code="a">ES-MaACL</subfield>
    <subfield code="j">A-2622</subfield>
  </datafield>
  <datafield tag="999" ind1=" " ind2=" ">
    <subfield code="c">43309</subfield>
    <subfield code="d">43309</subfield>
  </datafield>
  <datafield tag="952" ind1=" " ind2=" ">
    <subfield code="0">0</subfield>
    <subfield code="1">0</subfield>
    <subfield code="4">0</subfield>
    <subfield code="7">0</subfield>
    <subfield code="a">ATENEOM</subfield>
    <subfield code="b">ATENEOM</subfield>
    <subfield code="c">SPP1</subfield>
    <subfield code="d">2008-01-17</subfield>
    <subfield code="e">SC</subfield>
    <subfield code="l">0</subfield>
    <subfield code="o">A-2622</subfield>
    <subfield code="p">1045593</subfield>
    <subfield code="r">2023-02-23 00:00:00</subfield>
    <subfield code="w">2023-02-23</subfield>
    <subfield code="y">MONOGRAFIA</subfield>
  </datafield>
</record>
